| 000 | 00000nam 2200000za 4500 |
| 001 | 9.833461 |
| 003 | CaOODSP |
| 005 | 20221107150225 |
| 007 | cr ||||||||||| |
| 008 | 170605s2017 onc|||||o f00| 0 eng d |
| 020 | |a978-0-660-07872-4 |
| 040 | |aCaOODSP|beng |
| 043 | |an-cn--- |
| 086 | 1 |aCS12-605/2017-1E-PDF |
| 245 | 00|aRecord linkage project process model |h[electronic resource] / |cClaudia Sanmartin ... [et al.]. |
| 260 | |a[Ottawa] : |bStatistics Canada, |c2017. |
| 300 | |a17 p. |
| 500 | |a"Release date: June 5, 2017." |
| 500 | |aIssued also in French under title: Modèle du processus d’un projet de couplage d’enregistrements. |
| 520 | |a"This report describes the Record Linkage Project Process Model (RLPPM). The Model builds on the Generic Statistic Business Process Model v5.0 developed by the Joint UNECE / Eurostat / OECD Work Session on Statistical Metadata (METIS) for survey processes"--Preamble, p. 4. |
| 692 | 07|2gccst|aRecords management |
| 692 | 07|2gccst|aInformation management |
| 692 | 07|2gccst|aRecords |
| 700 | 1 |aSanmartin, Claudia A. |q(Claudia Angela), |d1966- |
| 710 | 2 |aStatistics Canada. |
| 775 | 08|tModèle du processus d’un projet de couplage d’enregistrements |w(CaOODSP)9.833462 |
| 856 | 40|qPDF|s212 KB|uhttps://publications.gc.ca/collections/collection_2017/statcan/12-605-x2017001-eng.pdf |